000 00756nam a22002657a 4500
001 BR8902230
003 BR-BrBNA
005 20230928093221.0
007 ta
008 230509b bl.||||| |||| 00| 0 por d
040 _aBR-BrBNA
_bpor
_cBiblioteca Nacional de Agricultura
041 _a(Por)
072 _aE70
_b2120
_b/G514
090 _ 2120 BR8902230
110 1 _aInstituto Brasileiro do Cafe, Rio de Janeiro, RJ (Brasil)
_95880
245 1 _aRelatorio do exercicio de 1980 [Instituto Brasileiro do Cafe]
260 3 _aRio de Janeiro, RJ (Brasil):
_c1980.
300 _a68 p.
500 _a15 tables
650 _aCAFE
650 _aPRODUTIVIDADE
650 _aESTATISTICA COMERCIAL
909 _a202309
_bLucia
_c55
_dLucia Elande
942 _cBK
999 _c43676
_d43676